Представление документа в формате MARC21

Поле Инд. ПП Название Значение
Тип записи a
Библиографический уровень m
001 _ Контрольный номер RU/ЭБС IPR BOOKS/91238
005 Дата корректировки 20250915131035.3
008 Кодируемые данные 211122s2018 RU y f j 000 1 rus u
020 a ISBN 978-5-7782-3509-0
040 c Служба, преобразующая запись ЭБС IPR BOOKS
041 a Код языка текста rus
044 a Код страны публикации RU
080 a Индекс УДК 327
084 2 Источник индекса rubbk
a Индекс другой классификации/Индекс ББК 66.4
100 1_ a Автор Олейников, И. В.
4 Код отношения 070
245 a Заглавие Международные отношения и внешняя политика стран Восточной Азии
b Продолж. заглавия учебное пособие
c Ответственность И. В. Олейников
250 g 2025-02-05
a Основные сведения об издании Международные отношения и внешняя политика стран Восточной Азии
256 a Характеристики компьютерного файла Электрон. дан. (1 файл)
260 a Место издания Новосибирск
b Издательство Новосибирский государственный технический университет
c Дата издания 2018
300 a Объем 131 с.
500 a Примечание Книга находится в премиум-версии ЭБС IPR BOOKS.
516 a Прим. о типе комп. файла/ данных Текст
520 a Аннотация Учебное пособие адресовано студентам-регионоведам, специализирующимся на изучении стран Восточной Азии. Материал выстроен в хронологическом порядке и охватывает основные моменты взаимодействия стран Восточной Азии (Китая, Японии и Кореи) на международной арене. В авторской редакции.
521 a Примеч. о целев. назн. Гарантированный срок размещения в ЭБС до 05.02.2025 (автопролонгация)
538 a Прим. о системных особенностях электронный
653 a Ключевые слова внешняя политика
653 a Ключевые слова Восточная Азия
653 a Ключевые слова Китай
653 a Ключевые слова Япония
653 a Ключевые слова Корея
653 a Ключевые слова международные отношения
856 4_ u URL http://www.iprbookshop.ru/91238.html
z Примечание для пользователя Участвует в КО